Funny Books by Funny Women Quiz Stats

 Plays Quiz Updated May 27, 2015

Challenge
Share
Tweet
Score 0/20 Timer 08:00
7 Plays Today
% Correct
Whoopi Goldberg
96.4%
Ellen Degeneres
91.7%
Tina Fey
84.7%
Betty White
84.3%
Amy Poehler
80.6%
Lucille Ball
80.5%
Joan Rivers
79.3%
Carrie Fisher
68.2%
Sarah Silverman
66.6%
Jane Lynch
64.1%
% Correct
Mindy Kaling
63.5%
Fran Drescher
61.8%
Mary Tyler Moore
60.2%
Bette Midler
57.5%
Chelsea Handler
56.5%
Carol Burnett
54.8%
Rachel Dratch
40.8%
Gilda Radner
35.5%
Nancy Cartwright
34.5%
Aisha Tyler
32.4%

You're not logged in!

Compare scores with friends on all Sporcle quizzes.
Join for Free
OR
Log In

You Might Also Like...

Show Comments

Extras

Top Quizzes Today


Score Distribution

Your Account Isn't Verified!

In order to create a playlist on Sporcle, you need to verify the email address you used during registration. Go to your Sporcle Settings to finish the process.

Report this User

Report this user for behavior that violates our Community Guidelines.

Details: